Language Quiz

Random Language or German Quiz

15 Misnamed Flag Colors Quiz Stats

 Plays Quiz Updated Apr 24, 2015

Challenge
Share
Tweet
Score 0/15 Timer 06:00
4 Plays Today
% Correct
Vert = Green (French)
96.4%
Morado = Purple (Spanish)
92%
Paars = Purple (Dutch)
89.9%
Giallo = Yellow (Italian)
89.2%
Vit = White (Swedish)
87.2%
Musta = Black (Finnish)
81%
Grau = Grey (German)
80.8%
Gul = Yellow (Danish)
75%
% Correct
Preto = Black (Portuguese)
62.7%
Kara = Black (Turkish)
60.1%
Zelena = Green (Croatian)
57.7%
Niebieski = Blue (Polish)
53.2%
Fialová = Purple (Czech)
45.2%
Dearg = Red (Irish)
36.7%
Barna = Brown (Hungarian)
15.1%

You're not logged in!

Compare scores with friends on all Sporcle quizzes.
Join for Free
OR
Log In

You Might Also Like...

Show Comments

Extras

Top Quizzes Today


Score Distribution

Your Account Isn't Verified!

In order to create a playlist on Sporcle, you need to verify the email address you used during registration. Go to your Sporcle Settings to finish the process.

Report this User

Report this user for behavior that violates our Community Guidelines.

Details: